000 00602nam a2200241 a 4500
001 nice12345678
003 IN_TiNIC
005 20260116013058.0
008 050524s1989 newa grp 000 0 eng
020 _a0452855
_c437
082 0 0 _a291.13
_bHAM
100 _aHamilton, Edith
245 _aMythology
_b Timeless Tales of Gods and Heroes.
260 _aNew York
_bPenguin Books
_c1989
300 _a335p
500 _aincludes index and biblioraphy
505 2 _aIndex
650 _aMythology-West
700 1 _aHamilton, Edith
902 _bSRS
942 _cBK
999 _c9561
_d9561